| 000 | 01835nam a2200385 i 4500 | ||
|---|---|---|---|
| 003 | DO-SdBNP | ||
| 005 | 20250402113354.0 | ||
| 007 | ta | ||
| 008 | 250402b2024 dr a c 000 f spa d | ||
| 020 | _a9789945245509 | ||
| 040 |
_aDO-SdBNP _bspa _cBNPHU _erda |
||
| 082 | 4 |
_aRD863.44 _bS236 _222 |
|
| 100 | 1 |
_aSantis, Geraldine de _943394 _eautora _4aut. |
|
| 245 | 1 | 4 |
_aGuerra de tías / _cGeraldine de Santis ; ilustraciones, Tulio Matos ; corrección de estilo, Gisela Vargas Ortega ; edición, Jorge Luis Zamora ; prólogo Constanza Mekis M. |
| 250 | _aPrimera edición | ||
| 264 | 4 |
_aSanto Domingo : _bSantillana Infantil y Juvenil, _c©2024. |
|
| 300 |
_a125 páginas : _bilustraciones : _c20 cm. |
||
| 336 |
_atexto _btxt _2rdacontent |
||
| 337 |
_asin mediación _bn _2rdamedia |
||
| 338 |
_avolumen _bnc _2rdacarrier |
||
| 490 | 0 | _aLoqueleo | |
| 490 | 0 |
_aNaranja _aNovela _v10 |
|
| 500 | _aIncluye datos biográficos de la autora en las páginas 124-125. | ||
| 520 | _aDesde el momento en que la tía Cuentina irrumpe en la vida de Nadia, el lector se ve inmerso en un torbellino de ocurrencias y extravagancias que mantienen su atención en todo momento. La descripción detallada de los personajes y sus interacciones crea una atmósfera viva y llena de colores, haciendo que sea una delicia la lectura de cada página. | ||
| 521 | _aJóvenes a partir de 10 años. | ||
| 590 | _aInventariado, 2025/ YL | ||
| 650 | 4 |
_aCuentos infantojuveniles dominicanos _984578 |
|
| 650 | 4 |
_aLiteratura infantojuvenil dominicana _984579 |
|
| 700 | 1 |
_aMatos, Tulio _eilustraciones _929569 _4il. |
|
| 700 | 1 |
_aVargas Ortega, Gisela, _ecorrección de estilo _965096 _4corr. |
|
| 700 | 1 |
_aZamora, Jorge Luis, _eedición _942960 _4ed. |
|
| 700 | 1 |
_aMekis M., Constanza _eprólogo _4prol. _987301 |
|
| 910 | _aYLockward | ||
| 942 |
_2ddc _cLBS1 |
||
| 999 |
_c58554 _d58554 |
||